| 000 | 00453nam a2200181Ia 4500 | ||
|---|---|---|---|
| 001 | 20248 | ||
| 005 | 20260306172752.0 | ||
| 008 | 260306t2004||||xx |||||||||||||| ||spa|| | ||
| 041 | _aESP | ||
| 082 |
_a343CP1 _bC34 2004 |
||
| 100 |
_aCastillo Córdova, Luis _eAUT |
||
| 245 | 0 | _aComentarios al código procesal constitucional | |
| 260 | _c2004 | ||
| 300 |
_a756 páginas : _c24 cm. |
||
| 650 | _aGEN | ||
| 654 | _aCDE | ||
| 942 |
_cLIB _dJUS _fJUS _2ddc _n |
||
| 999 |
_c20248 _d20248 |
||